Hotel berlín (Record no. 59364)

MARC details
000 -LEADER
campo de control de longitud fija 00612nac a2200205 a 4500
003 - IDENTIFICADOR DE NÚMERO DE CONTROL
campo de control Co-PeBPM
005 - FECHA Y HORA DE LA ÚLTIMA TRANSACCIÓN
campo de control 20240719142014.0
008 - DATOS DE LONGITUD FIJA--INFORMACIÓN GENERAL
campo de control de longitud fija 240719e1953 |||||||| |||| 00| 0 spa d
040 ## - FUENTE DE CATALOGACIÓN
Centro catalogador/agencia de origen Co-PeBPM
Lengua de catalogación spa
Centro/agencia transcriptor Co-PeBPM
Normas de descripción rda
041 ## - CÓDIGO DE IDIOMA
Código de lengua del texto/banda sonora o título independiente spa
082 04 - NÚMERO DE LA CLASIFICACIÓN DECIMAL DEWEY
Número de clasificación 833 B347h
100 1# - ENTRADA PRINCIPAL--NOMBRE DE PERSONA
Nombre de persona Baum, Vivki
245 10 - MENCIÓN DEL TÍTULO
Título Hotel berlín
Resto del título , 1943
Mención de responsabilidad, etc. / Vicki Baum ; traducción de Miguel de Hernani.
250 ## - MENCION DE EDICION
Mención de edición Cuarta edición
260 ## - PUBLICACIÓN, DISTRIBUCIÓN, ETC.
Lugar de publicación, distribución, etc. México
-- Buenos Aires
Nombre del editor, distribuidor, etc. : Editorial Hermes
Fecha de publicación, distribución, etc. , 1953
300 ## - DESCRIPCIÓN FÍSICA
Extensión 356 páginas
Dimensiones 21 centímetros
650 14 - PUNTO DE ACCESO ADICIONAL DE MATERIA--TÉRMINO DE MATERIA
Fuente del encabezamiento o término LEMB
Término de materia o nombre geográfico como elemento de entrada Novela austriaca
700 1# - ENTRADA AGREGADA--NOMBRE PERSONAL
Nombre de persona Hernani, Miguel de,
942 ## - ELEMENTOS DE ENTRADA SECUNDARIOS (KOHA)
Fuente del sistema de clasificación o colocación Clasificación Decimal Dewey
Tipo de ítem Koha Libros
Suprimir en OPAC No
Holdings
Estatus retirado Estado de pérdida Fuente del sistema de clasificación o colocación Estado de daño No para préstamo Biblioteca de origen Biblioteca actual Fecha de adquisición Total de préstamos Signatura topográfica completa Código de barras Visto por última vez Copia número Precio de reemplazo Tipo de ítem Koha
    Clasificación Decimal Dewey     BIBLIOTECA PÚBLICA MUNICIPAL RAMON CORREA MEJIA BIBLIOTECA PÚBLICA MUNICIPAL RAMON CORREA MEJIA 19/07/2024   833 B347h 19003 19/07/2024 Ej.1 19/07/2024 Libros

Powered by Koha